00000000nem##2200000za#4500
0019.549436
003CaOODSP
00520200326235227
007aj |a|||
008150406|2010||||xxc||||   a##f  |   eng|d
020 |a978-0-660-64642-8
022 |a1915-884X
040 |aCaOODSP|beng
041 |aeng
041 |afre
043 |an-cn---
0861 |aM116-2/087H09
1101 |aCanada.|bNatural Resources Canada. |bCentre for Topographic Information.
24510|aNo title, Northwest Territories |h[cartographic material]
250 |aEd. 02, version 00
255 |aScale 1:50,000
260 |aOttawa - Ontario : |bNatural Resources Canada. |c2010.
300 |a1 sheet. : |bcoloured map ; |c71 cm.
4901 |aCanadian topographic maps |x1915-884X|v87-H/9
500 |aSeries A733. Includes a legend.
590 |a10-22|b2010-06-04
7760#|tNo title, Territoires du Nord-Ouest |w(CaOODSP)9.584086
792 |tNo title, Territoires du Nord-Ouest |efre|w(CaOODSP)9.549437
830#0|aCanadian topographic maps,|x1915-884X|v87-H/9|w(CaOODSP)9.511450